01624nam a22002894c 4500003000900000008004100009020001800050040003100068041001800099080001000117100003200127245009100159250002300250264003400273300004200307336002700349337003300376338002800409490002000437520064200457521001501099650003001114700004101144942001401185999001301199952012201212AR-BaSMT250828b2023 agabc|gr|||| 000 0aspa d a9786319000665 aBSGBbespañolcBSGBerda1 aenghinglés a82-941 aIlibagiza, Immaculée942110aSobrevivir para contarlob: Cómo descubrí a Dios en medio del holocausto en Ruanda aPrimera edición  aRosario : bÁncora , c2023 a400 páginas ; bilustraciones color 2rdacontentatextobtxt 2rdamediaasin mediaciónbn 2rdacarrieravolumenbnc aBiografías :  aEl pequeño país de Ruanda, ubicado en África Central, es hoy mundialmente conocido por una sola razón: el terrible genocidio de 1994, que se llevó la vida de más de un millón de inocentes y dejó la tierra bañada en sangre y reducida a cenizas. En medio del horror y la desesperación en la que se vieron sumidos Hutus y Tutsis -las dos tribus implicadas en el genocidio-, la historia de Immaculée, que permaneció escondida en un baño minúsculo durante 91 días, emerge no sólo como un relato extraordinario de supervivencia, sino como un testimonio superador lleno de fe, de esperanza y de reconciliación. aSecundaria 79256aBIOGRAFÍASzRuanda aMiniño, AdrianaeTraducción9422 2udcaBOOK c589d589 00102ddc40aBSGBbBSGBcLiteratura SecundariaeCompra feria del libro 2025i030416l0o82-94 ILIp030416t1yBOOKf